Việt Nam - hành trình đi đến phồn vinh
Tập hợp các bài viết của tác giả Vũ Minh Khương về hành trình phát triển kinh tế - xã hội của nước nhà và những trăn trở của ông về sự nghiệp xây dựng đất nước
Uloženo v:
| Hlavní autor: | |
|---|---|
| Médium: | Kniha |
| Jazyk: | Undetermined |
| Vydáno: |
Hà Nội
Tri thức
2013
|
| Témata: | |
| Tagy: |
Přidat tag
Žádné tagy, Buďte první, kdo otaguje tento záznam!
|
| Thư viện lưu trữ: | Trung tâm Học liệu Trường Đại học Cần Thơ |
|---|
| LEADER | 00861nam a2200217Ia 4500 | ||
|---|---|---|---|
| 001 | CTU_215508 | ||
| 008 | 210402s9999 xx 000 0 und d | ||
| 020 | |c 70000 | ||
| 082 | |a 959.7 | ||
| 082 | |b Kh561 | ||
| 100 | |a Vũ, Minh Khương | ||
| 245 | 0 | |a Việt Nam - hành trình đi đến phồn vinh | |
| 245 | 0 | |c Vũ Minh Khương | |
| 260 | |a Hà Nội | ||
| 260 | |b Tri thức | ||
| 260 | |c 2013 | ||
| 520 | |a Tập hợp các bài viết của tác giả Vũ Minh Khương về hành trình phát triển kinh tế - xã hội của nước nhà và những trăn trở của ông về sự nghiệp xây dựng đất nước | ||
| 650 | |a Việt Nam,Vietnam | ||
| 650 | |x Lịch sử,History | ||
| 904 | |i Nguyên | ||
| 980 | |a Trung tâm Học liệu Trường Đại học Cần Thơ | ||